Berliner Buslinien - Statistiken

Allgemein
  • Dieses Quiz wurde 207 mal gespielt
  • Das Durchschnittsergebnis liegt bei 63 aus 304
Antwortstatistiken
Hint Antwort % Korrekt
100 | 109 | 110 | +9 others Zoologischer Garten
71%
120 | 123 | M41 | M85 Hauptbahnhof
65%
100 Alexanderplatz
62%
248 Alexanderplatz/Grunerstraße
62%
135 | 136 | 237 | +5 others Rathaus Spandau
59%
194 Hermannplatz/Karl-Marx-Straße
44%
170 | 188 | 283 | +4 others Rathaus Steglitz
44%
171 Hermannplatz
43%
M29 Hermannplatz/Urbanstraße
43%
184 | 204 Südkreuz
42%
140 | 142 | 147 | +2 others Ostbahnhof
41%
155 | M27 Pankow
39%
X54 Pankow/Granitzstraße
39%
186 | 349 | M19 Grunewald
38%
162 | 172 | 260 | +3 others Rudow
38%
163 | 166 | 265 | +2 others Schöneweide/Sterndamm
37%
263 | X7 | X71 Flughafen BER
36%
191 | 192 | 195 | 291 Marzahn
34%
187 Turmstraße
34%
114 | 316 | 318 Wannsee
33%
300 Warschauer Straße
33%
M21 | M27 | X21 Jungfernheide
31%
245 Friedrichstraße
29%
277 | 377 | M44 Hermannstraße
27%
M19 Mehringdamm
27%
M11 Dahlem Dorf
26%
164 Köpenick
26%
X11 Krumme Lanke
26%
125 | 128 | 150 | 255 Osloer Straße
26%
140 Tempelhof
25%
108 | 296 Lichtenberg
24%
197 | 395 | 398 Mahlsdorf
24%
130 | 131 | X37 Ruhleben
24%
179 | M77 | X71 | X76 Alt-Mariendorf
23%
142 | 147 | 221 | +2 others Leopoldplatz
23%
249 | M29 Roseneck
23%
163 | 164 | 171 | 744 Schönefeld
23%
M41 Sonnenallee/Baumschulenstraße
23%
X10 Teltow Stadt
22%
220 Alt-Tegel
21%
X54 Hellersdorf
21%
186 | 284 | M85 Lichterfelde Süd
21%
260 Adlershof
20%
139 | 218 Messe Nord/ICC
20%
172 | 175 | M76 Lichtenrade
19%
M48 Mohrenstraße
19%
M43 Berliner Straße
18%
150 | 158 Buch
18%
133 | M36 Haselhorst
18%
M49 Heerstraße/Nennhauser Damm
18%
112 | 312 Nikolassee
18%
191 | 291 Wuhletal
18%
154 | 169 | 190 | 398 Elsterwerdaer Platz
17%
399 Kaulsdorf
17%
106 Seestraße
16%
347 | M43 Tunnelstraße
16%
124 | 133 | 324 Alt-Heiligensee
15%
135 | 234 Alt-Kladow
15%
122 | 128 Kurt-Schumacher-Platz
15%
310 Blissestraße/Uhlandstraße
14%
M46 Britz-Süd
14%
M48 Busseallee
14%
194 Helene-Weigel-Platz
14%
M45 Johannesstift
14%
110 Oskar-Helene-Heim
14%
218 Pfaueninsel
14%
137 Reimerweg
14%
120 | 221 | X33 Wilhelmsruher Damm
14%
309 | 310 | X49 Wilmersdorfer Straße/Charlottenburg
14%
124 | 259 Aubertstraße
13%
161 Erkner/ZOB
13%
134 Hottengrund
13%
X83 Königin-Luise-Straße/Clayallee
13%
197 | 893 Prerower Platz
13%
130 | M37 Waldkrankenhaus
13%
181 | M76 Walther-Schreiber-Platz
13%
365 Baumschulenweg
12%
X37 Falkensee Bahnhof
12%
115 Fehrbelliner Platz
12%
M32 Havelpark
12%
123 Mäckeritzwiesen
12%
M21 Uhlandstraße
12%
192 Friedrichsfelde Ost
11%
263 | 363 Grünau
11%
X36 Hennigsdorf
11%
165 | 269 | X69 Müggelschlößchenweg
11%
X76 | X83 Nahariyastraße
11%
101 Sachtlebenstraße
11%
156 | 240 Storkower Straße
11%
248 | 282 Breitenbachplatz
10%
294 Falkenberg
10%
M37 | X49 Hahneberg
10%
296 | 396 Karlshorst
10%
158 | 200 Michelangelostraße
10%
247 Nordbahnhof/Gartenstraße
10%
X10 Rammrath-Brücke
10%
122 | 322 Titiseestraße
10%
390 Ahrensfelde
9%
137 Freudstraße/Goldkäferweg
9%
125 Invalidensiedlung
9%
165 Märkisches Museum/Inselstraße
9%
112 Nahmitzer Damm
9%
X21 Quickborner Straße
9%
109 Urban Tech Republic
9%
M36 Am Omnibushof
8%
X34 Kaserne Hottengrund
8%
269 Kaulsdorf-Nord
8%
275 Kirchhainer Damm/Stadtgrenze
8%
X69 Köthener Straße
8%
106 Lindenhof
8%
M44 Stuthirtenweg
8%
222 Tegelort
8%
M77 | M82 Waldsassener Straße
8%
893 Zepernick
8%
187 Halbauer Weg
7%
M32 Heidebergplan
7%
131 Im Spektefeld/Schulzentrum
7%
396 Nöldnerplatz
7%
265 Stadtmitte
7%
143 Brixplatz
6%
M32 Brunsbütteler Damm
6%
326 Hermsdorf
6%
101 Lübecker Straße
6%
369 Müggelheim/Dorf
6%
169 Odernheimer Straße
6%
320 | 322 Paracelsus-Bad
6%
118 Rathaus Zehlendorf
6%
134 Wasserwerk Spandau
6%
139 Werderstraße
6%
107 Arkenberge
5%
166 Boddinstraße
5%
282 Dardanellenweg
5%
220 Hainbuchenstraße
5%
190 Innovationspark Wuhlheide
5%
181 Kielingerstraße
5%
195 Klinikum Kaulsdorf
5%
108 Mahlsdorfer Allee
5%
222 Märkische Zeile
5%
377 Plänterwald
5%
107 Schildow Kirche
5%
115 Spanische Allee/Potsdamer Chausee
5%
118 Stern-Center/Nuthestraße
5%
184 Warthestraße
5%
256 Zentralfriedhof
5%
188 Appenzeller Straße
4%
324 Falkenplatz
4%
246 Friedrich-Wilhelm-Platz
4%
179 Gerlinger Straße
4%
162 Schloßplatz Köpenick
4%
256 Siedlung Wartenberg
4%
156 | 259 Stadion Buschallee/Hansastraße
4%
277 Stadtrandsiedlung
4%
170 Baumschulenstraße/Fähre
3%
638 Campus Jungfernsee
3%
250 Franz-Neumann-Platz
3%
744 Gesundheitszentrum
3%
369 Gosen Eiche
3%
107 Grabbeallee/Pastor-Niemöller-Platz
3%
150 | 350 Hofzeichendamm
3%
143 Planetarium
3%
380 Saaleckplatz
3%
327 Schönholz
3%
255 Schwarzelfenweg
3%
168 Alt-Schmöckwitz
2%
154 Auberstraße
2%
353 Campus Buch
2%
337 Falkenseer Chausee/Zeppelinstraße
2%
155 Fontanestraße
2%
246 Forsthausallee
2%
350 Frundsbergstraße
2%
316 Glienicker Brücke
2%
334 Habichtswald
2%
318 Hahn-Meitner-Platz
2%
237 Isenburger Weg
2%
363 Krankenhaus Hedwigshöhe
2%
168 Moßkopfring
2%
300 Philarmonie Süd
2%
160 Siriusstraße/Uranusstraße
2%
136 Tongaweg
2%
285 Waldfriedhof Dahlem
2%
334 Waldschluchtpfad
2%
283 Benzstraße
1%
250 Buchholzer Straße
1%
160 Haselwerderstraße
1%
294 Marzahner Straße
1%
309 Schlosspark-Klinik
1%
395 Wodanstraße
1%
271 Zittauer Straße
1%
371 Am Hanffgraben
0%
161 Dorfaue
0%
353 Pölnitzweg
0%
Keine übereinstimmenden Quizze gefunden
Verteilung der Resultate
Anzahl Personen mit jedem Resultat
Perzentil nach korrekt beantworteten Fragen
Ihre Resultats-Entwicklung
Sie haben dieses Quiz noch nicht gespielt